000
00309nam a22001337a 4500
082
_a
P-74
100
_a
Cap. Babar OD 31
_9
47939
245
_a
Computer engineering planing data
260
_c
18/4/2001
526
_a
0
_b
0
_c
0
_d
P_74
650
_a
Project
700
_a
Col. Nelson.
_9
47940
942
_2
ddc
_c
BK
999
_c
551016
_d
551016